NBA Award Finalists 2026 - Statistics

General Stats
  • This quiz has been taken 184 times
  • The average score is 19 of 21
Answer Stats
Hint Team Answer % Correct
Most Valuable Player OKC Shai Gilgeous-Alexander
100%
Clutch Player of the Year OKC Shai Gilgeous-Alexander
100%
Most Valuable Player SAS Victor Wembanyama
100%
Defensive Player of the Year SAS Victor Wembanyama
100%
Clutch Player of the Year MIN Anthony Edwards
99%
Most Valuable Player DEN Nikola Jokić
99%
Rookie of the Year DAL Cooper Flagg
98%
Clutch Player of the Year DEN Jamal Murray
98%
Defensive Player of the Year OKC Chet Holmgren
95%
Most Improved Player DET Jalen Duren
94%
Rookie of the Year CHA Kon Knueppel
93%
Sixth Man of the Year SAS Keldon Johnson
90%
Coach of the Year SAS Mitch Johnson
90%
Most Improved Player ATL Nickeil Alexander-Walker
90%
Rookie of the Year PHI VJ Edgecombe
90%
Defensive Player of the Year DET Ausar Thompson
89%
Most Improved Player POR Deni Avdija
88%
Coach of the Year BOS Joe Mazzulla
78%
Sixth Man of the Year MIA Jaime Jaquez Jr.
72%
Coach of the Year DET J.B. Bickerstaff
61%
Sixth Man of the Year DEN Tim Hardaway Jr.
61%
No matching quizzes found
Score Distribution
Percent of People with Each Score
Percentile by Number Answered
Your Score History
You have not taken this quiz